Lý thuyết Galois và ứng dụng

Mở rộng trường và lý thuyết Galois. Ứng dụng của lý thuyết Galois.

Đã lưu trong:
Sonraí Bibleagrafaíochta
Príomhúdar: Nguyễn Thị Tuyết Hằng
Údair Eile: Nguyễn Ngọc Châu TS (Hướng dẫn)
Formáid: Leabhar
Teanga:Vietnamese
Foilsithe: Đà Nẵng Đại học Đà Nẵng 2011
Ábhair:
Clibeanna: Cuir Clib Leis
Gan Chlibeanna, Bí ar an gcéad duine leis an taifead seo a chlibeáil!
Thư viện lưu trữ: Mạng thư viện Đại học Đà Nẵng
LEADER 01434nam a2200361 4500
001 000010456
003 6661
005 20111214081239.0
008 111214s2011 viesd
041 |a vie 
072 |a Luận văn Thạc sĩ khoa học 
082 |a 512.3  |b NG-H 
100 1 |a Nguyễn Thị Tuyết Hằng 
245 1 |a Lý thuyết Galois và ứng dụng  |c Nguyễn Thị Tuyết Hằng 
260 |a Đà Nẵng  |b Đại học Đà Nẵng  |c 2011 
300 |a 66 tr  |c 29 cm  |e 1 tóm tắt, 1 đĩa CD 
500 |a Luận văn Thạc sĩ Khoa học. Chuyên ngành: Phương pháp toán sơ cấp. Mã số: 60.46.40 
520 |a Mở rộng trường và lý thuyết Galois. Ứng dụng của lý thuyết Galois. 
653 |a Lý thuyết Galois 
653 |a Luận văn Thạc sĩ toán sơ cấp 
653 |a Đa thức tổng quát bậc hai 
653 |a Toán học 
700 1 |a Nguyễn Ngọc Châu  |c TS  |e Hướng dẫn 
OWN |a LSP 
AVA |a UDN50  |b LSP  |d 512.3 NG-H  |e available  |t Error 5001 Not defined in file expand_doc_bib_avail.  |f 1  |g 0  |h N  |i 0  |k 1 
999 |a From the UDN01 
AVA |a UDN50  |b LSP  |d 512.3 NG-H  |e available  |t Error 5001 Not defined in file expand_doc_bib_avail.  |f 1  |g 0  |h N  |i 0  |k 1 
TYP |a Monograph 
TYP |a Printed language 
980 |a Mạng thư viện Đại học Đà Nẵng